<?xml version="1.0" encoding="UTF-8"?><?xml-stylesheet type="text/xsl" href="static/style.xsl"?><OAI-PMH xmlns="http://www.openarchives.org/OAI/2.0/" xmlns:xsi="http://www.w3.org/2001/XMLSchema-instance" xsi:schemaLocation="http://www.openarchives.org/OAI/2.0/ http://www.openarchives.org/OAI/2.0/OAI-PMH.xsd"><responseDate>2026-04-17T17:04:07Z</responseDate><request verb="GetRecord" identifier="oai:www.recercat.cat:10256/24514" metadataPrefix="marc">https://recercat.cat/oai/request</request><GetRecord><record><header><identifier>oai:recercat.cat:10256/24514</identifier><datestamp>2024-05-22T11:40:07Z</datestamp><setSpec>com_2072_452966</setSpec><setSpec>com_2072_2054</setSpec><setSpec>col_2072_452968</setSpec></header><metadata><record xmlns="http://www.loc.gov/MARC21/slim" xmlns:dcterms="http://purl.org/dc/terms/" xmlns:xsi="http://www.w3.org/2001/XMLSchema-instance" xmlns:doc="http://www.lyncode.com/xoai" xsi:schemaLocation="http://www.loc.gov/MARC21/slim http://www.loc.gov/standards/marcxml/schema/MARC21slim.xsd">
   <leader>00925njm 22002777a 4500</leader>
   <datafield ind2=" " ind1=" " tag="042">
      <subfield code="a">dc</subfield>
   </datafield>
   <datafield ind2=" " ind1=" " tag="720">
      <subfield code="a">Casademont Roqueta, Francesc</subfield>
      <subfield code="e">author</subfield>
   </datafield>
   <datafield ind2=" " ind1=" " tag="260">
      <subfield code="c">2024-09</subfield>
   </datafield>
   <datafield ind2=" " ind1=" " tag="520">
      <subfield code="a">L’objectiu d’aquest projecte d’estudi és analitzar i comparar aerodinàmicament un casc&#xd;
convencional de ciclista de contrarellotge amb el mateix casc afegint uns apòsits, anomenats&#xd;
generadors de vòrtex, que retarden la separació del flux local aerodinàmic.&#xd;
D’un costat, es realitza el dibuix de la figura CAD dels dos tipus d’apòsits de vòrtex que s’afegeixen&#xd;
al casc de contrarellotge, mitjançant el software de SOLIDWORKS. Basant-se amb un casc modelat&#xd;
amb SOLIDWORKS de la pàgina web GRABCAD, es determina quin tipus de casc de contrarellotge&#xd;
és el que rep una potència aerodinàmica menor i, per tant, rep una resistència a l’aire inferior que&#xd;
la resta de cascs.&#xd;
D’altra banda, s’elabora un estudi a partir del programa de simulació de dinàmica de fluids&#xd;
computacional (CFD), ANSYS-Fluent. Mitjançant el disseny i creació de túnels del vent, es simula&#xd;
aerodinàmicament les velocitats d’avanç que ha de suportar el casc d’un ciclista de contrarellotge i&#xd;
es comparen els valors obtinguts amb els que s’obtindran afegint els generadors de vòrtex&#xd;
dissenyats amb SOLIDWORKS. S'analitza si aquests apòsits, que es col·loquen a la superfície&#xd;
externa del casc llis, milloren les característiques de resistència a l'avanç del casc</subfield>
   </datafield>
   <datafield ind2=" " ind1=" " tag="520">
      <subfield code="a">9</subfield>
   </datafield>
   <datafield ind1="8" ind2=" " tag="024">
      <subfield code="a">http://hdl.handle.net/10256/24514</subfield>
   </datafield>
   <datafield tag="653" ind2=" " ind1=" ">
      <subfield code="a">Helmets -- Design</subfield>
   </datafield>
   <datafield tag="653" ind2=" " ind1=" ">
      <subfield code="a">Cascs -- Disseny</subfield>
   </datafield>
   <datafield tag="653" ind2=" " ind1=" ">
      <subfield code="a">Bicicletes de competició</subfield>
   </datafield>
   <datafield tag="653" ind2=" " ind1=" ">
      <subfield code="a">Racing cycle</subfield>
   </datafield>
   <datafield tag="653" ind2=" " ind1=" ">
      <subfield code="a">Vòrtexs de Taylor</subfield>
   </datafield>
   <datafield tag="653" ind2=" " ind1=" ">
      <subfield code="a">Taylor vortices</subfield>
   </datafield>
   <datafield tag="653" ind2=" " ind1=" ">
      <subfield code="a">Vorticitat</subfield>
   </datafield>
   <datafield tag="653" ind2=" " ind1=" ">
      <subfield code="a">Vortex-motion</subfield>
   </datafield>
   <datafield tag="653" ind2=" " ind1=" ">
      <subfield code="a">Resistència de materials</subfield>
   </datafield>
   <datafield tag="653" ind2=" " ind1=" ">
      <subfield code="a">Strength of materials</subfield>
   </datafield>
   <datafield tag="653" ind2=" " ind1=" ">
      <subfield code="a">Aerodinàmica</subfield>
   </datafield>
   <datafield tag="653" ind2=" " ind1=" ">
      <subfield code="a">Aerodynamics</subfield>
   </datafield>
   <datafield tag="653" ind2=" " ind1=" ">
      <subfield code="a">Túnels aerodinàmics</subfield>
   </datafield>
   <datafield tag="653" ind2=" " ind1=" ">
      <subfield code="a">Wind tunnels</subfield>
   </datafield>
   <datafield ind2="0" ind1="0" tag="245">
      <subfield code="a">Estudi aerodinàmic de cascs de contrarellotge amb apòsits de vòrtex de millora de resistència a l’avanç</subfield>
   </datafield>
</record></metadata></record></GetRecord></OAI-PMH>